ბათუმის შოთა რუსთაველის სახელმწიფო უნივერსიტეტის ბიბლიოთეკა

The pyramids and sphinx. (ბიბ.ჩანაწერი № 47037)

000 -LEADER
fixed length control field 00473nam a2200205Ia 4500
001 - CONTROL NUMBER
control field 13893
003 - CONTROL NUMBER IDENTIFIER
control field GE_BSU
008 - FIXED-LENGTH DATA ELEMENTS--GENERAL INFORMATION
fixed length control field 181216s||||||||xx |||||||||||||| ||und||
040 ## - CATALOGING SOURCE
Transcribing agency GE_BSU
080 ## - UNIVERSAL DECIMAL CLASSIFICATION NUMBER
Universal Decimal Classification number 73
100 ## - MAIN ENTRY--PERSONAL NAME
Personal name Stewart,Desmond.
245 #4 - TITLE STATEMENT
Title The pyramids and sphinx.
245 #4 - TITLE STATEMENT
Statement of responsibility, etc. The editors of the newsweek book division.
260 ## - PUBLICATION, DISTRIBUTION, ETC.
Place of publication, distribution, etc. London.
260 ## - PUBLICATION, DISTRIBUTION, ETC.
Date of publication, distribution, etc. 1971
300 ## - PHYSICAL DESCRIPTION
Extent 169p;29cm.
300 ## - PHYSICAL DESCRIPTION
Other physical details ill.
653 ## - INDEX TERM--UNCONTROLLED
Uncontrolled term The pyramids and sphinx.
942 ## - ADDED ENTRY ELEMENTS (KOHA)
Koha item type წიგნი
ეგზემპლარები
Withdrawn status Lost status Damaged status Not for loan Date acquired Barcode Date last seen Price effective from Koha item type
        2018-12-17 36798 2018-12-17 2018-12-17 წიგნი